LEADER 01394nam 2200433I 450 001 9910706114603321 005 20190201104820.0 035 $a(CKB)5470000002455285 035 $a(OCoLC)1083762850 035 $a(EXLCZ)995470000002455285 100 $a20190201j201306 ua 0 101 0 $aeng 135 $aur||||||||||| 181 $ctxt$2rdacontent 182 $cc$2rdamedia 183 $acr$2rdacarrier 200 10$a2012 year-end report on neurotechnologies for in-vehicle applications /$fBrent J. Lance [and fourteen others] 210 1$aAberdeen Proving Ground, MD :$cArmy Research Laboratory,$dJune 2013. 215 $a1 online resource (viii, 50 pages) $cillustrations 300 $a"ARL-CR-267." 300 $a"June 2013." 300 $aIncludes table. 320 $aIncludes bibliographical references. 606 $aAlgorithms 606 $aFatigue 606 $aElectroencephalography 606 $aNeurotechnology (Bioengineering) 615 0$aAlgorithms. 615 0$aFatigue. 615 0$aElectroencephalography. 615 0$aNeurotechnology (Bioengineering) 700 $aLance$b Brent J.$01416041 712 02$aU.S. Army Research Laboratory, 801 0$bGPO 801 1$bGPO 906 $aBOOK 912 $a9910706114603321 996 $a2012 year-end report on neurotechnologies for in-vehicle applications$93519931 997 $aUNINA LEADER 01189nam2 2200325 i 450 001 VIA0072363 005 20231121125925.0 020 $aIT$b99-4579 100 $a19990506d1998 ||||0itac50 ba 101 | $aita 102 $ait 181 1$6z01$ai $bxxxe 182 1$6z01$an 200 1 $aAbruzzo 210 $aAcquaviva d'Isernia$cIEI$d\1998! 215 $a350 p.$cill.$d28 cm. 461 1$1001TSA0020422$12001 $aComuni d'Italia 606 $aComuni$xAbruzzo$2FIR$3RMLC418762$9I 606 $aAbruzzo$xStatistica$2FIR$3RMLC118892$9I 676 $a914.571$9Geografia. Abruzzo e Molise$v21 801 3$aIT$bIT-01$c19990506 850 $aIT-RM028 $aIT-RM0289 $aIT-FR0017 899 $aBiblioteca Universitaria Alessandrina$bRM028 899 $aBiblioteca Statale A. Baldini$bRM0289 899 $aBiblioteca umanistica Giorgio Aprea$bFR0017 $eN 912 $aVIA0072363 950 2$aBiblioteca umanistica Giorgio Aprea$d 52S.L. 914.5 Com.It.Abr.$e 52FLS0000169975 VMB RS $fC $h20160512$i20160512 977 $a 01$a 04$a 52 996 $aAbruzzo$9239273 997 $aUNICAS